|
|
|
|
| LEADER |
01204pam a22003978a 4500 |
| 001 |
00033637 |
| 005 |
20171026081025.0 |
| 008 |
150930s2010 ||||||Engsd |
| 020 |
# |
# |
|c 136000
|
| 041 |
0 |
# |
|a Eng
|
| 082 |
1 |
4 |
|a 610
|b E200C
|
| 100 |
1 |
# |
|a Kim, Young-mi
|
| 245 |
1 |
0 |
|a English communication for your career hospitality
|c Kim Young-mi, Michael A. Putlack
|
| 260 |
# |
# |
|a T.P. Hồ Chí Minh
|b Tổng hợp T.P. Hồ Chí Minh; Công ty TNHH Nhân Trí Việt
|c 2010
|
| 300 |
# |
# |
|a 128 tr.
|c 28 cm.
|b màu
|e 1 CD
|
| 500 |
# |
# |
|a Copyright by Kim Young-mi, Michael A. Putlack, 2009
|
| 653 |
# |
# |
|a Giao tiếp
|
| 653 |
# |
# |
|a Bệnh viện
|
| 653 |
# |
# |
|a Ngôn ngữ
|
| 653 |
# |
# |
|a Tự học
|
| 653 |
# |
# |
|a Tiếng Anh
|
| 700 |
1 |
# |
|a Putlack, Michael A.
|
| 852 |
# |
# |
|b Kho giáo trình
|j KGT.0050805, KGT.0051096
|
| 852 |
# |
# |
|b Kho mượn
|j KGT.0051096
|
| 852 |
# |
# |
|j KGT.0051096
|j KGT.0050805
|j KD.0016955
|
| 852 |
# |
# |
|b Kho đọc
|j KD.0016955
|
| 910 |
0 |
# |
|d 30/9
|a kchi
|
| 980 |
# |
# |
|a Trung tâm Học liệu Lê Vũ Hùng, Trường Đại học Đồng Tháp
|